Easy access: the reference handbook for writers (Record no. 9645)
[ view plain ]
| 000 -LEADER | |
|---|---|
| fixed length control field | 00838 a2200229 4500 |
| 020 ## - INTERNATIONAL STANDARD BOOK NUMBER | |
| International Standard Book Number | 0767404971 |
| 040 ## - CATALOGING SOURCE | |
| Original cataloging agency | DLC |
| Language of cataloging | DLC |
| 082 00 - DEWEY DECIMAL CLASSIFICATION NUMBER | |
| Classification number | 808/.042 |
| 100 1# - MAIN ENTRY--PERSONAL NAME | |
| Personal name | Keene, Michael L. |
| 245 10 - TITLE STATEMENT | |
| Title | Easy access: the reference handbook for writers |
| Remainder of title | the reference handbook for writers |
| Statement of responsibility, etc. | Michael L. Keene, Katherine H. Adams. |
| 250 ## - EDITION STATEMENT | |
| Edition statement | 2nd ed. |
| 260 ## - PUBLICATION, DISTRIBUTION, ETC. | |
| Place of publication, distribution, etc. | Mountain View, Calif. : |
| Name of publisher, distributor, etc. | Mayfield Pub. Co., |
| Date of publication, distribution, etc. | c1999. |
| 300 ## - PHYSICAL DESCRIPTION | |
| Extent | xxxii, 476 p. ; |
| Dimensions | 22 cm. |
| 500 ## - GENERAL NOTE | |
| General note | Rev. ed. of: The easy access handbook, c1996. |
| 500 ## - GENERAL NOTE | |
| General note | Includes index. |
| 650 #0 - SUBJECT ADDED ENTRY--TOPICAL TERM | |
| Topical term or geographic name entry element | English language |
| General subdivision | Rhetoric |
| -- | Handbooks, manuals, etc. |
| 650 #0 - SUBJECT ADDED ENTRY--TOPICAL TERM | |
| Topical term or geographic name entry element | English language |
| General subdivision | Grammar |
| -- | Handbooks, manuals, etc. |
| 650 #0 - SUBJECT ADDED ENTRY--TOPICAL TERM | |
| Topical term or geographic name entry element | Report writing |
| General subdivision | Handbooks, manuals, etc. |
| 700 1# - ADDED ENTRY--PERSONAL NAME | |
| Personal name | Adams, Katherine H., |
| Dates associated with a name | 1954- |
| 700 1# - ADDED ENTRY--PERSONAL NAME | |
| Personal name | Keene, Michael L. |
| 942 ## - ADDED ENTRY ELEMENTS (KOHA) | |
| Koha item type | Book |
| Call number prefix | 808.042 KEE |
| Source of classification or shelving scheme | |
| Withdrawn status | Lost status | Damaged status | Not for loan | Collection code | Permanent Location | Current Location | Shelving location | Date acquired | Source of acquisition | Cost, normal purchase price | Total Checkouts | Total Renewals | Full call number | Barcode | Date last seen | Price effective from | Koha item type | Date last checked out |
|---|---|---|---|---|---|---|---|---|---|---|---|---|---|---|---|---|---|---|
| Central Library (CL) | Central Library (CL) | General Stacks | 10/16/2009 | Star Books | 2949.37 | 3 | 808.042 KEE | SEECS009700 | 02/01/2022 | 01/05/2017 | Book | |||||||
| Central Library (CL) | Central Library (CL) | General Stacks | 10/16/2009 | Star Books | 2949.37 | 808.042 KEE | SEECS009699 | 11/14/2012 | 01/05/2017 | Book | ||||||||
| Central Library (CL) | Central Library (CL) | General Stacks | 10/16/2009 | Star Books | 2949.37 | 808.042 KEE | SEECS009698 | 11/14/2012 | 01/05/2017 | Book | ||||||||
| Central Library (CL) | Central Library (CL) | General Stacks | 10/16/2009 | Star Books | 2949.37 | 808.042 KEE | SEECS009697 | 04/22/2021 | 01/05/2017 | Reference | ||||||||
| Central Library (CL) | Central Library (CL) | General Stacks | 10/16/2009 | Star Books | 2949.37 | 1 | 808.042 KEE | SEECS009696 | 11/29/2021 | 01/05/2017 | Book | 01/20/2014 |
